Benjamin's bugs (Record no. 37437)

MARC details
000 -LEADER
fixed length control field 00641nam a2200241 i 4500
001 - CONTROL NUMBER
control field C2-0126527
003 - CONTROL NUMBER IDENTIFIER
control field PPAK
005 - DATE AND TIME OF LATEST TRANSACTION
control field 20180727115611.0
008 - FIXED-LENGTH DATA ELEMENTS--GENERAL INFORMATION
fixed length control field 970915s1994 nyua|||| ||||| | eng d
020 ## - INTERNATIONAL STANDARD BOOK NUMBER
International Standard Book Number 0027674509
040 ## - CATALOGING SOURCE
Original cataloging agency PPAK
Language of cataloging eng
Transcribing agency PPAK
Description conventions rda
082 04 - DEWEY DECIMAL CLASSIFICATION NUMBER
Classification number 823
Edition number 23
090 00 - LOCALLY ASSIGNED LC-TYPE CALL NUMBER (OCLC); LOCAL CALL NUMBER (RLIN)
Classification number (OCLC) (R) ; Classification number, CALL (RLIN) (NR) 823
Feature heading MOR
Feature heading K
100 1# - MAIN ENTRY--PERSONAL NAME
Personal name Morgan, Mary,
Relator term author
245 10 - TITLE STATEMENT
Title Benjamin's bugs
264 #1 - PRODUCTION, PUBLICATION, DISTRIBUTION, MANUFACTURE, AND COPYRIGHT NOTICE
Place of production, publication, distribution, manufacture New York :
Name of producer, publisher, distributor, manufacturer Bradbury Press ,
Date of production, publication, distribution, manufacture, or copyright notice 1994
300 ## - PHYSICAL DESCRIPTION
Extent 30 pages :
Other physical details colour illustrations ;
Dimensions 18 cm
336 ## - CONTENT TYPE
Source rdacontent
Content type term text
337 ## - MEDIA TYPE
Source rdamedia
Media type term unmediated
338 ## - CARRIER TYPE
Source rdacarrier
Carrier type term volume
650 10 - SUBJECT ADDED ENTRY--TOPICAL TERM
Topical term or geographic name entry element Porcupines - Fiction
942 ## - ADDED ENTRY ELEMENTS (KOHA)
-- dc
Koha item type Book
Holdings
Withdrawn Not for loan Current library Shelving location Date acquired Full call number Barcode Date last seen Koha item type Total Checkouts Date last checked out Total Renewals
    Perpustakaan Alor Setar Pinjaman Kanak-kanak 15/10/2000 K 823 MOR A00307102 08/05/2018 Book      
    Perpustakaan Awam Sungai Petani Pinjaman Kanak-kanak 30/12/2003 K 823 MOR A00411779 17/09/2023 Book 2 07/08/2023 1
    Perpustakaan Jitra Pinjaman Kanak-kanak 27/12/2003 K 823 MOR A00834902 08/05/2018 Book      
    Perpustakaan Jitra Pinjaman Kanak-kanak 24/12/2003 K 823 MOR A00834375 08/05/2018 Book      
    Perpustakaan Langkawi Pinjaman Kanak-kanak 30/10/2004 K 823 MOR A00859631 07/07/2019 Book 1 11/06/2019